• 首页
  • 本馆介绍
  • 公告通知
  • 最新文献
  • 馆藏检索
  • 电子资源
  • 读者导购
  • 参考咨询
  • 我的图书馆
  • 登录
  • 详细信息显示
  • 放入我的书架
  • 预约/预借图书
  • 作者相关作品
  • 分类相关作品
  • 丛书相关作品
  • 出版社相关作品

书目信息

  • 表格格式
  • 工作单格式
  • 卡片格式
题名:
提升人大及其常委会公信力研究
    
 
作者: 郑广永 著
分册:  
出版信息: 哈尔滨   黑龙江人民出版社  2018
页数: 216页
开本: 24cm
丛书名:
单 册:
中图分类: D624
科图分类:
主题词: 地方各级人民代表大会--工作--中国 , 地方各级人民代表大会--人民代表大会常务委员会--工作--研究
电子资源:
ISBN: 978-7-207-11337-5
000 01073nam0 2200253 450
001 012001010888
005 20131104105636.0
010    @a978-7-207-11337-5@dCNY36.00
100    @a20190226d2018 em y0chiy50 ea
101 0  @achi
102    @aCN@b230000
105    @ay z 000yy
106    @ar
200 1  @a提升人大及其常委会公信力研究@Ati sheng ren da ji qi chang wei hui gong xin li yan jiu@f郑广永著
210    @a哈尔滨@c黑龙江人民出版社@d2018
215    @a216页@d24cm
300    @a北京联合大学出版基金资助
330    @a本书从三方面着手分析了各级人大及其常委会的公信力。第一,从人大及其常委会四项权利的行使分析其公信力。第二,从代表选举分析人大及其常委会的公信力。第三,从乡镇人大工作状况分析人大的公信力。书中在研究方法上采取了二分法,即主要是从取得的成绩和存在的问题两个方面进行分析,然后提出改进的建议。
606 0  @a地方各级人民代表大会@x工作@y中国
606 0  @a地方各级人民代表大会@x人民代表大会常务委员会@x工作@x研究
690    @aD624@v5
701  0 @a郑广永@Azheng guang yong@4著
801  0 @aCN@b上海新华@c20191020
905    @b1182650-4@dD624@e112@f5
    
    提升人大及其常委会公信力研究/郑广永著.-哈尔滨:黑龙江人民出版社,2018
    216页;24cm
    北京联合大学出版基金资助
    
    ISBN 978-7-207-11337-5:CNY36.00
    本书从三方面着手分析了各级人大及其常委会的公信力。第一,从人大及其常委会四项权利的行使分析其公信力。第二,从代表选举分析人大及其常委会的公信力。第三,从乡镇人大工作状况分析人大的公信力。书中在研究方法上采取了二分法,即主要是从取得的成绩和存在的问题两个方面进行分析,然后提出改进的建议。
●
相关链接 在E读中查询图书 在五车中查询图书 在当当中查询图书 在豆瓣中查询图书


正题名:提升人大及其常委会公信力研究     索取号:D624/112         预约/预借

序号 登录号 条形码 馆藏地/架位号 状态 备注
1 1182650   211826504   第一样本阅览室/ [索取号:D624/112] 在馆    
2 1182651   211826513   第一借阅区/ [索取号:D624/112] 在馆    
3 1182652   211826522   第一借阅区/ [索取号:D624/112] 在馆    
4 1182653   211826531   第一借阅区/ [索取号:D624/112] 在馆    
5 1182654   211826540   第一借阅区/ [索取号:D624/112] 在馆    
唐山师范学院图书馆 欢迎您!
大连网信软件有限公司© 版权所有